[Event "BIH-chT1"]
[Site "Bosanska Krupa"]
[Date "2018.08.29"]
[Round "7"]
[White "Zupcevic, Nedim"]
[Black "Tajic, Zlatan"]
[Result "1/2-1/2"]
[WhiteElo "2051"]
[BlackElo "2125"]
[PlyCount "60"]
[EventDate "2018.08.25"]
[EventType "tourn"]
[EventRounds "9"]
[EventCountry "BIH"]
[SourceTitle "CBM 186 Extra"]
[Source "ChessBase"]
[SourceDate "2018.08.24"]
[SourceVersion "1"]
[SourceVersionDate "2018.08.24"]
[SourceQuality "1"]

1. e4 c5 2. Nf3 d6 3. Nc3 Bg4 4. Be2 Nc6 5. d3 g6 6. Nd5 Bg7 7. c3 Nf6 8. Ne3 Bd7 9. 0-0 0-0 10. Ne1 b5 11. g4 e5 12. g5 Ne8 13. Nd5 Nc7 14. Nxc7 Qxc7 15. Ng2 Bh3 16. Bg4 Bxg2 17. Kxg2 Rab8 18. h4 Qe7 19. Qb3 Nd8 20. f4 exf4 21. Bxf4 Ne6 22. Bg3 c4 23. Qc2 Be5 24. d4 Bxg3 25. Kxg3 Nc7 26. Rf4 f6 27. gxf6 Rxf6 28. Raf1 Rbf8 29. Rxf6 Rxf6 30. Rxf6 Qxf6 1/2-1/2

[Event "BIH CFFBH-chT2"]
[Site "Cazin"]
[Date "2009.06.28"]
[Round "2"]
[White "Mikanovic, Sandro"]
[Black "Tajic, Zlatan"]
[Result "1-0"]
[WhiteElo "2260"]
[BlackElo "2148"]
[PlyCount "77"]
[EventDate "2009.06.27"]
[EventType "team-tourn"]
[EventRounds "9"]
[EventCountry "BIH"]
[SourceTitle "EXT 2019"]
[Source "ChessBase"]
[SourceDate "2018.10.10"]
[SourceVersion "1"]
[SourceVersionDate "2018.10.10"]
[SourceQuality "1"]

1. d4 Nf6 2. c4 e6 3. Nc3 Bb4 4. Qc2 c5 5. e3 Nc6 6. Nf3 d5 7. dxc5 Ne4 8. Bd2 Nxd2 9. Qxd2 Qa5 10. cxd5 exd5 11. Rc1 0-0 12. a3 Bxc3 13. Qxc3 Qa4 14. Bd3 Be6 15. 0-0 Qg4 16. b4 Rfd8 17. Rfd1 Qh5 18. b5 Ne7 19. Qe5 Qxe5 20. Nxe5 f6 21. Nf3 Bg4 22. Be2 a6 23. bxa6 Bxf3 24. gxf3 bxa6 25. f4 Kf7 26. Rd4 Rdc8 27. Bf3 Ra7 28. Bxd5+ Nxd5 29. Rxd5 Rac7 30. f5 Ke7 31. Kg2 Rd7 32. e4 Rb7 33. Rd6 Ra7 34. Re6+ Kf7 35. Rb6 Ke7 36. Kf3 a5 37. Ke3 a4 38. Rc2 Rac7 39. Kd4 1-0

[Event "BIH-chT"]
[Site "Neum"]
[Date "2000.??.??"]
[Round "4"]
[White "Bajramovic, Halid"]
[Black "Tajic, Zlatan"]
[Result "1/2-1/2"]
[WhiteElo "2223"]
[BlackElo "2182"]
[PlyCount "137"]
[EventDate "2000.08.25"]
[EventType "team"]
[EventRounds "9"]
[EventCountry "BIH"]
[SourceTitle "EXT 2006"]
[Source "ChessBase"]
[SourceDate "2005.11.24"]
[SourceVersion "1"]
[SourceVersionDate "2005.11.24"]
[SourceQuality "1"]

1. d4 Nf6 2. c4 e6 3. Nc3 Bb4 4. Qb3 c5 5. a3 Qa5 6. Bd2 cxd4 7. Qxb4 Qxb4 8. axb4 dxc3 9. Bxc3 b6 10. b5 Bb7 11. Nf3 d6 12. e3 a5 13. bxa6 Nxa6 14. Be2 Ke7 15. 0-0 Rhd8 16. Rfc1 e5 17. b4 Ne4 18. Be1 Nc7 19. Rab1 Ra2 20. Bd1 Bc6 21. Bb3 Ra3 22. b5 Bb7 23. Bb4 Ra7 24. Nxe5 Ne6 25. Bc2 N4c5 26. Nf3 Ra2 27. Nd4 g6 28. f3 Rc8 29. Ne2 Ra7 30. Nc3 Nd7 31. Be4 Bxe4 32. Nxe4 Nec5 33. Nc3 Nd3 34. Nd5+ Ke6 35. Rd1 Nxb4 36. Rxb4 g5 37. f4 h6 38. h3 Ra2 39. f5+ Ke5 40. Nc3 Rc2 41. Rd5+ Kf6 42. Ne4+ Ke7 43. Nxd6 Ra8 44. c5 bxc5 45. Re4+ Kf8 46. Rc4 Rb2 47. Rd1 Raa2 48. Rg4 Ne5 49. Rg3 Ke7 50. b6 c4 51. e4 c3 52. Nc8+ Kf6 53. Rc1 c2 54. Rc3 Nd3 55. Rc6+ Ke5 56. b7 Nxc1 57. Nb6 Ne2+ 58. Kh2 Rxb6 59. Rxb6 c1Q 60. b8Q+ Kd4 61. Qd6+ Ke3 62. Rb3+ Nc3 63. Qc5+ Kd3 64. Qd5+ Ke3 65. Rxc3+ Qxc3 66. Qxa2 Qc7+ 67. Kh1 Kxe4 68. Qa6 Ke3 69. Qa3+ 1/2-1/2